| 000 | 02814cam a22005894i 4500 | ||
|---|---|---|---|
| 003 | PE-LiUPU | ||
| 005 | 20250731165622.0 | ||
| 008 | 150616s1964 miu r 000 0 eng d | ||
| 035 | _a(Sirsi) a6138 | ||
| 035 | _a(Sirsi) a6138 | ||
| 040 |
_aPE-LiUPU _bspa _cPE-LiUPU _erda |
||
| 049 | _aPRUA | ||
| 082 | 0 | 4 |
_a225.3 _bK581 _221 |
| 100 | 1 |
_aKittel, Gerhard, _d1888-1948, _eautor. |
|
| 245 | 1 | 0 |
_aTheological dictionary of the New Testament. _n1 / _ceditado por Gerhard Kittel y Gerhard Friedrich. |
| 264 | 1 |
_aGrand Rapids, Michigan : _bWm.B. Eerdmans Publishing Company, _c1964]. |
|
| 300 |
_a793 páginas ; _c24 centímetros |
||
| 336 |
_atext _2rdacontent |
||
| 337 |
_aunmediated _2rdamedia |
||
| 338 |
_avolume _2rdacarrier |
||
| 505 | 0 |
_a( A - _ºº ). |
|
| 526 | _aSEG44 | ||
| 526 | _aSEG26 | ||
| 526 | _aP151 | ||
| 526 | _aP150 | ||
| 526 | _aP149 | ||
| 526 | _aP146 | ||
| 526 | _aP145 | ||
| 526 | _aP126 | ||
| 526 | _aP125 | ||
| 526 | _aP92 | ||
| 526 | _aP75 | ||
| 526 | _aP74 | ||
| 526 | _aP27 | ||
| 526 | _aP15 | ||
| 541 | _g001-0000141; | ||
| 650 | 1 | 4 |
_aGriego bíblico _vDiccionarios. _91343 |
| 700 | 1 |
_aFriedrich, Gerhard, _d1908-, _eeditor. |
|
| 700 | 1 |
_aBromiley, Geoffrey W., _etraductor. |
|
| 910 |
_ajck _bjvq _cjck |
||
| 942 |
_2ddc _cBOOK |
||
| 949 |
_aRC 225.3 K58 1 _wDEWEY _c1 _i15796 _lRC _mBUL _r0 _sY _tBOOK _u2015-4-23 _xTEOLOGIA _PP35 _0COMPRA _o.CIRCNOTE. No olvidar cambiar la fecha de devolución!!!!!!! _o.STAFF. Colección Teología |
||
| 949 |
_aRC 225.3 K58 1 _wDEWEY _c2 _i49846 _lRC _mBUL _r0 _sY _tBOOK _u2015-6-16 _xTEOLOGIA _PP35 _0COMPRA _o.CIRCNOTE. No olvidar cambiar la fecha de devolución!!!!!!! _o.STAFF. Colección Teología |
||
| 949 |
_aRC 225.3 K58 1 _wDEWEY _c3 _i56510 _lRC _mBUL _r0 _sY _tBOOK _u2015-4-23 _xTEOLOGIA _zUNKNOWN _0COMPRA _o.CIRCNOTE. No olvidar cambiar la fecha de devolución!!!!!!! _o.STAFF. Colección Teología |
||
| 994 |
_aC0 _bPEPRU |
||
| 596 | _a1 | ||
| 999 |
_aRC 225.3 K58 1 _wDEWEY _c57239 _i15796 _f2021-11-8 _g6 _lCCODEBUL1 _mBUL _r1 _sY _tBOOK _u2015-4-23 _xTEOLOGIA _PP35 _0COMPRA _o.CIRCNOTE. No olvidar cambiar la fecha de devolución!!!!!!! _o.STAFF. Colección General _d57239 |
||
| 999 |
_aRC 225.3 K58 1 _wDEWEY _c2 _i49846 _d2019-5-8 _f2021-11-8 _g6 _lCCODEBUL1 _mBUL _q3 _r1 _sY _tBOOK _u2015-6-16 _xTEOLOGIA _PP35 _0COMPRA _o.CIRCNOTE. No olvidar cambiar la fecha de devolución!!!!!!! _o.STAFF. Colección General |
||
| 999 |
_aRC 225.3 K58 1 _wDEWEY _c3 _i56510 _d2019-10-3 _e2016-1-27 _f2021-11-8 _g6 _lCCODEBUL1 _mBUL _n1 _p22.00 _q14 _r1 _sY _tBOOK _u2015-4-23 _xTEOLOGIA _PP35 _0COMPRA _o.CIRCNOTE. No olvidar cambiar la fecha de devolución!!!!!!! _o.STAFF. Colección Teología |
||
| 980 |
_81 _gALBERTO SANCHEZ Responsable de Automatización |
||